CBRE UK prime rent and yield monitor (Record no. 106067)

MARC details
000 -LEADER
fixed length control field 01237cam a2200229 4500
001 - CONTROL NUMBER
control field ##L135451
008 - FIXED-LENGTH DATA ELEMENTS--GENERAL INFORMATION
fixed length control field 060704n2006 000 0 eng u
035 ## - SYSTEM CONTROL NUMBER
System control number (Sirsi) u135451
041 0# - LANGUAGE CODE
Language code of text/sound track or separate title eng
110 2# - MAIN ENTRY--CORPORATE NAME
Corporate name or jurisdiction name as entry element CB Richard Ellis
9 (RLIN) 3675
245 00 - TITLE STATEMENT
Title CBRE UK prime rent and yield monitor
Remainder of title Third Quarter 2006
260 ## - PUBLICATION, DISTRIBUTION, ETC.
Place of publication, distribution, etc. London
Name of publisher, distributor, etc. CBRE
Date of publication, distribution, etc. 2006
490 #0 - SERIES STATEMENT
Series statement CB Richard Ellis UK Prime Rent and Yield Monitor
Volume/sequential designation third quarter 2006
505 2# - FORMATTED CONTENTS NOTE
Formatted contents note Retail -- Offices -- Industrial -- Prime rents and yields summary -- All property annual rental growth and yields
520 ## - SUMMARY, ETC.
Summary, etc. The all property average prime rent rose 1% in the thris quarter of 2006. All property rental growth stands at 3.9%. Retail rental growth continued to ease, with high street shops recording quarterly growth of only 0.3%. In the office sector, prime rents rose 2% over the quarter and rental growth in the industrial sector picked up slightly to 1.5% in the third quarter.
590 ## - LOCAL NOTE (RLIN)
Local note IKA311006 NTK
650 24 - SUBJECT ADDED ENTRY--TOPICAL TERM
Topical term or geographic name entry element CB RICHARD ELLIS UK PRIME RENT AND YIELD INDEX
651 #4 - SUBJECT ADDED ENTRY--GEOGRAPHIC NAME
Geographic name United Kingdom
Chronological subdivision
690 ## - LOCAL SUBJECT ADDED ENTRY--TOPICAL TERM (OCLC, RLIN)
Topical term or geographic name as entry element PROPERTY-COMMERCIAL PROPERTY-COMMERCIAL PROPERTY MARKET
856 40 - ELECTRONIC LOCATION AND ACCESS
Uniform Resource Identifier <a href="https://www.cbre.com/">https://www.cbre.com/</a>
Public note View the item free of charge at www.cbre.com...
942 ## - ADDED ENTRY ELEMENTS (KOHA)
Suppress in OPAC 0
Holdings
Withdrawn status Lost status Source of classification or shelving scheme Damaged status Not for loan Home library Current library Shelving location Date acquired Total Checkouts Full call number Barcode Date last seen Copy number Price effective from Koha item type
    Dewey Decimal Classification     Virtual Virtual Online 26/10/2006   ONLINE PUBLICATION 135451-2001 06/08/2019 1 06/08/2019 Book